000 00510cam a22001577a 4500
008 180718b2014 xxu||||| |||| 00| 0 eng d
020 _a8192745635
082 _aT39 Sa84
100 _aSatyarthi, Shaiwal
245 _aTRIPS agreement and intellectual property rights regime in India
_cby Shaiwal Satyarthi
260 _aNew Delhi
_bY S Books
_c2014
300 _a491p.
650 _aIntellectual property -- India
650 _aIntellectual property (International law)
650 _aWorld Trade Organization
999 _c443877
_d443877